Responses for Show #2540 - Friday, September 22, 1995

Contestants

[<< previous game]

Ann Butler, a company president from Durango, Colorado

Kevin Collins, a sports stringer from San Diego, California

Keith Bush, a copy editor from Long Beach, California (whose 1-day cash winnings total $13,100)

[next game >>]

Jeopardy! Round responses

HISTORIC QUOTATIONS
TRANSPORTATION
TELEVISION
SEAS
DOGS
"TOP"s
    $100 1
the Bay of Pigs

Ann
    $100 20
subways

Ann
    $100 8
(Alex: Helen Hunt and Paul Reiser.)

Mad About You

Keith
    $100 13
the Caribbean

Ann
    $100 7
a Doberman

Keith
    $100 17
the big top

Keith
    $200 2
no new taxes

Keith
    $200 27
the QE2

Ann
    $200 9
Beavis & Butthead

Keith
    $200 14
the Mediterranean

Keith
    $200 6
Switzerland

Ann
    $200 18
topsoil

Keith
    $300 3
Kissinger

Ann
    $300 28
a cable car

Keith
    $300 10
Mike & Maty

Ann
    $300 15
Antarctica

Keith
    $300 24
a spaniel

Keith
    $300 19
to topple

Kevin
    $400 4
Alan Shepard

Kevin
    $400 29
a Conestoga

Keith
    $400 11
(Alex: Luke and Laura, Anthony Geary and Genie Francis.)

General Hospital

Keith
    $400 16
the Yellow Sea

Kevin
    $400 25
a Maltese

Keith
    $400 22
topsiders

Keith
    $500 5
patriotism

Kevin
    $500 30
(Kevin: What is Galveston?)

Houston

KevinAnn
    $500 12
(Alex: Played by Teri Hatcher and Phyllis Coates.)

Lois Lane

Ann
    $800 21
the Indian Ocean

Ann
    $500 26
Africa

Ann
    $500 23
the top banana

Kevin

Scores at the first commercial break (after clue 15):

Keith Kevin Ann
$1,500 $900 $1,500

Scores at the end of the Jeopardy! Round:

Keith Kevin Ann
$3,600 $1,600 $3,600

Double Jeopardy! Round responses

FAMOUS WOMEN
U.S. GOVERNMENT
FOREIGN COUNTRIES
INVENTORS & SCIENTISTS
LITERATURE
BOTTOMS UP!
    $200 10
Elizabeth I

Kevin
    $200 2
the Federal Reserve Board

Keith
    $200 13
Thailand

Kevin
    $200 1
Newton

Keith
    $200 7
Peter Rabbit

Keith
    $200 23
whiskey

Keith
    $400 19
Anita Hill

Ann
    $400 3
firearms

Keith
    $400 14
Bosnia

Keith
    $400 18
Marconi

Ann
    $400 8
Ichabod Crane

Keith
    $400 24
vermouth

Ann
    $600 20
Anne Frank

Keith
    $600 4
executive

Keith
    $1,000 15
Bolivia & Colombia

Keith
    $600 28
McCormick

Ann
    $600 9
Fagin

Ann
    $600 25
mandarin oranges

Ann
    $800 21
Julia Ward Howe

Kevin
    $800 5
the General Accounting Office

Kevin
    $800 16
Sri Lanka

Kevin
    $800 29
Mendel

Keith
    $800 11
"The Faerie Queen"

Keith
    $800 26
(Keith: What is madeira?)

sherry

KeithAnn
    $1000 22
(Keith: Who is Valentina?)
...
(Alex: You were on the right track, but I can't accept first names.)

Valentina Tereshkova

Keith
Triple Stumper
    $2,000 6
California

Kevin
    $1000 17
Belarus

Kevin
    $1000 30
Mendeleev

Kevin
    $1000 12
Cannery Row

Triple Stumper
    $1000 27
(Ann: What is vodka?)

aquavit

KeithAnn

Scores at the end of the Double Jeopardy! Round:

Keith Kevin Ann
$8,600 $8,400 $6,400

[wagering suggestions for these scores]

Final Jeopardy! Round responses

ART HISTORY
AnnWhat is the Sistine Chapel ceiling?
$6,000
KevinWhat is the Cistine Chapel?
$4,400
KeithWhat is the ceiling of the Sistine Chapel?
$8,300
the (ceiling of the) Sistine Chapel

Final scores:

Keith Kevin Ann
$16,900 $12,800 $12,400
2-day champion: $30,000 2nd place: cruise on The Big Red Box from Port Canaveral to the Bahamas + Jeopardy! home game 3rd place: Service Merchandise gift certificate + Jeopardy! home game

Game dynamics:

Coryat scores:

Keith Kevin Ann
$8,200 $7,400 $6,100
27 R
(including 1 DD),
2 W
13 R
(including 1 DD),
1 W
18 R
(including 1 DD),
1 W

Combined Coryat: $21,700

[game clues] [game scores] [suggest correction]

Game tape date: Unknown
The J! Archive is created by fans, for fans. Scraping, republication, monetization, and malicious use prohibited; this site may use cookies and collect identifying information. See terms. The Jeopardy! game show and all elements thereof, including but not limited to copyright and trademark thereto, are the property of Jeopardy Productions, Inc. and are protected under law. This website is not affiliated with, sponsored by, or operated by Jeopardy Productions, Inc. Join the discussion at JBoard.tv.